Guess the disney lyrics Quiz Stats

 Plays Quiz not verified by Sporcle

Score 0/89 Timer 15:00
0 Plays Today
% Correct
a
96.9%
a
96.9%
i
96.1%
i
96.1%
i
96.1%
i
96.1%
i
96.1%
i
96.1%
i
96.1%
i
96.1%
i
96.1%
i
96.1%
is
88.2%
is
88.2%
to
87.4%
to
87.4%
me
86.6%
me
86.6%
it
85.8%
be
85%
be
85%
for
84.3%
can
84.3%
when
82.7%
when
82.7%
if
81.9%
my
81.1%
my
81.1%
my
81.1%
my
81.1%
% Correct
at
80.3%
that
80.3%
that
80.3%
at
80.3%
will
79.5%
not
79.5%
see
79.5%
who
79.5%
see
79.5%
why
79.5%
who
79.5%
will
79.5%
who
79.5%
will
79.5%
who
79.5%
look
78.7%
am
78.7%
am
78.7%
am
78.7%
know
78%
or
76.4%
i'm
76.4%
this
76.4%
girl
76.4%
never
75.6%
don't
75.6%
pass
74.8%
i've
74.8%
show
74.8%
show
74.8%
% Correct
were
74%
reflection
73.2%
reflection
73.2%
reflection
73.2%
meant
72.4%
staring
72.4%
back
72.4%
now
70.9%
straight
70.9%
someone
70.9%
inside
70.9%
inside
70.9%
bride
70.1%
perfect
70.1%
perfect
70.1%
daughter
70.1%
heart
70.1%
would
69.3%
part
68.5%
myself
67.7%
play
66.9%
truly
66.9%
break
66.9%
family's
65.4%
cannot
63.8%
though
63.8%
tried
63.8%
hide
60.6%
somehow
59.1%

You're not logged in!

Compare scores with friends on all Sporcle quizzes.
OR
Log In

Show Comments

Extras

Created Feb 21, 2012ReportNominate
Tags:Disney Quiz

Top Quizzes Today


Score Distribution

Your Account Isn't Verified!

In order to create a playlist on Sporcle, you need to verify the email address you used during registration. Go to your Sporcle Settings to finish the process.

Report this User

Report this user for behavior that violates our Community Guidelines.

Details: